| 000 | 00832cam a22003013a 4500 | ||
|---|---|---|---|
| 001 | 32613 | ||
| 003 | PGUSA | ||
| 005 | 20140828083715.0 | ||
| 008 | 100530s2010||||xxu|||||s|||||000 1 eng d | ||
| 040 |
_aPGUSA _beng |
||
| 042 | _adc | ||
| 050 | 4 | _aPS | |
| 100 | 1 |
_aMarks, Winston K., _d1915-1979 |
|
| 245 | 1 | 0 |
_aTabby _h[electronic resource] / _cWinston K. Marks |
| 260 |
_bProject Gutenberg, _c2010 |
||
| 506 | _aPublic domain in the USA. | ||
| 516 | _aElectronic text | ||
| 653 | _aIslands of the Pacific -- Fiction | ||
| 653 | _aInsects -- Fiction | ||
| 653 | _aScience fiction | ||
| 653 | _aScientists -- Fiction | ||
| 653 | _aShort stories | ||
| 653 | _aEpistolary fiction | ||
| 700 | 1 | _aPalais, Rudolph | |
| 830 | 0 |
_aProject Gutenberg _v32613 |
|
| 856 | 4 | 0 | _uhttp://www.gutenberg.org/ebooks/32613 |
| 942 | _cEB | ||
| 999 |
_c261868 _d261868 |
||